000
00342nam a2200145Ia 4500
008
150201s2013 xx 000 0 und d
082
_a
616.0757
_b
C13S
100
_a
SINGH , HARIQBAL
245
_a
101 CEST X-RAY SOLUTIONS
250
_a
1ST
260
_b
JAYPEE
_a
DELHI
_c
2013
300
_a
1-271
650
_a
RADIOLOGY
942
_2
ddc
_c
BK
_0
5
999
_c
1661
_d
1661